Literatura europea y edad media latina
Saved in:
| Main Author: | |
|---|---|
| Format: | Book |
| Language: | Spanish |
| Published: |
Ciudad de México
Fondo de Cultura Económica
1955
|
| Edition: | 1a. ed |
| Series: | Sección de Lengua y Estudios Literarios
|
| Subjects: | |
| Tags: |
Add Tag
No Tags, Be the first to tag this record!
|
MARC
| LEADER | 00000cam a2200000 a 4500 | ||
|---|---|---|---|
| 001 | UCV8463 | ||
| 003 | CL-VaPUC | ||
| 008 | 910809e19550000MX |||||||||||||||||spa|d | ||
| 082 | 0 | 4 | |a 809 |b CUR |2 21 |
| 100 | 0 | |a Curtius, Ernst Robert |e author |9 302514 | |
| 245 | 1 | 0 | |a Literatura europea y edad media latina |
| 250 | |a 1a. ed | ||
| 300 | |a 2 v | ||
| 942 | |c BK | ||
| 945 | |d 19910809 00:00:00 |a oaravena | ||
| 260 | |a Ciudad de México |b Fondo de Cultura Económica |c 1955 | ||
| 650 | 7 | |a LITERATURA EUROPEA |2 CL-VaPUC |9 266689 | |
| 650 | 0 | |a Historia y crítica |9 257407 | |
| 650 | 7 | |a LITERATURA LATINA MEDIEVAL |2 CL-VaPUC |9 266690 | |
| 650 | 7 | |a LITERATURA MODERNA |2 CL-VaPUC |9 266691 | |
| 583 | |a last modification |c 20160927 08:36:01 |k Rodrigo Vera | ||
| 490 | 0 | |a Sección de Lengua y Estudios Literarios | |
| 999 | |c 213976 |d 213974 | ||
| 952 | |0 0 |1 0 |4 0 |6 809_000000000000000_CUR_1955 |7 0 |8 P |9 196921 |a BIBARQ |b BIBARQ |d 2019-11-14 |h v.1 |i 2646870 |o 809 CUR 1955 |p 2646870 |r 2025-01-20 |w 2019-11-14 |y BK |k ARQ | ||
| 952 | |0 0 |1 0 |4 0 |6 809_000000000000000_CUR_1955 |7 0 |8 P |9 196922 |a BIBARQ |b BIBARQ |d 2019-11-14 |h v.2 |i 2646889 |o 809 CUR 1955 |p 2646889 |r 2025-01-20 |w 2019-11-14 |y BK |k ARQ | ||
| 952 | |0 0 |1 0 |4 0 |6 809_000000000000000_CUR_1955 |7 0 |8 A |9 196923 |a BIBEDU |b BIBEDU |d 2019-11-14 |h v.1 |i 3106861 |o 809 CUR 1955 |p 3106861 |r 2019-11-14 |w 2019-11-14 |y BK |k LIT | ||
| 952 | |0 0 |1 0 |4 0 |6 809_000000000000000_CUR_1955 |7 0 |8 A |9 196924 |a BIBEDU |b BIBEDU |d 2019-11-14 |h v.2 |i 310687K |o 809 CUR 1955 |p 310687K |r 2019-11-14 |w 2019-11-14 |y BK |k LIT | ||
| 952 | |0 0 |1 0 |4 0 |6 809_000000000000000_CUR_1955 |7 0 |8 A |9 196925 |a BIBEDU |b BIBEDU |d 2019-11-14 |h v.1 |i 1461427 |o 809 CUR 1955 |p 1461427 |r 2019-11-14 |w 2019-11-14 |y BK |k LIT | ||
| 952 | |0 0 |1 0 |4 0 |6 809_000000000000000_CUR_1955 |7 0 |8 A |9 196926 |a BIBEDU |b BIBEDU |d 2019-11-14 |h v.2 |i 1461478 |o 809 CUR 1955 |p 1461478 |r 2019-11-14 |w 2019-11-14 |y BK |k LIT | ||